00460nam a2200157Ia 450000500170000000800410001708200130005810000170007110000200008824500840010826000610019230000140025365000100026765000170027765000080029420240610054844.0240331s9999 xx 000 0 und d bGOMa323 aGomez, Mario aGomez, Shyamala 0aStriking a balancebUsing international human rights to achieve gender equality aColombobCanadian International Development Agencyc2004 a177, p ., aWoman aHuman Rights aLaw